| 000 | 01259nam a22004217a 4500 | ||
|---|---|---|---|
| 003 | OSt | ||
| 005 | 20260506073151.0 | ||
| 007 | ta | ||
| 008 | 260506s2025 ag ||||| |||| 00| 0 spa d | ||
| 020 | _a9789873052132 | ||
| 040 | _ccj catamarca | ||
| 082 | _a343(094.4) D542c 2025 | ||
| 100 | 1 | 0 |
_9327 _aDias, Horacio |
| 245 | 1 | 0 |
_aCodigo Penal de la Nacion Argentina: _bcomentado. Parte General. Segunda edicion ampliada y actualizada con la Ley 27.785 |
| 250 | _a2º ed. | ||
| 260 |
_aSanta Fe: _bRubinzal Culzoni, _c2025 |
||
| 300 |
_a904 p. _c23 cm |
||
| 500 | _aINVENTARIO Nº 8171 | ||
| 650 | 7 | _2SAIJ | |
| 653 | _aDERECHO PENAL | ||
| 653 | _aCODIGO PENAL 2025 | ||
| 653 | _aCODIGO PENAL-PARTE GENERAL | ||
| 653 | _aLEY PENAL | ||
| 653 | _aPENAS | ||
| 653 | _aCONDENA CONDICIONAL | ||
| 653 | _aREPARACION-PREJUICIOS | ||
| 653 | _aIMPUTABILIDAD | ||
| 653 | _aTENTATIVA | ||
| 653 | _aPARTICIPACION CRIMINAL | ||
| 653 | _aREINCIDENCIA | ||
| 653 | _aCONCURSO DE DELITOS | ||
| 653 | _aACCION PENAL-EXTINCION | ||
| 653 | _aPRESCRIPCION-PENAS | ||
| 653 | _aSUSPENSION DEL JUICIO A PRUEBA | ||
| 653 | _aPROBATION | ||
| 856 | _uhttps://drive.google.com/file/d/16YZB4qoFqGBjEQMWJqKiN8tqcoTkKsok/view?usp=sharing | ||
| 942 |
_2ddc _cBK _n0 |
||
| 999 |
_c6541 _d6541 |
||